Music Quiz

Random Music or Album Quiz

Album of the Year Grammy Winners Quiz Stats

 Plays Quiz Updated Feb 10, 2021

Support Sporcle.
Go Orange.
Score 0/63 Timer 10:00
1 Play Today
Year Winner % Correct
1984Michael Jackson
88.6%
2021Taylor Swift
85.7%
1968The Beatles
84.9%
2017Adele
84.8%
1988U2
81.6%
2006U2
81.6%
2012Adele
79.5%
2016Taylor Swift
79.4%
1989George Michael
71.8%
2018Bruno Mars
70.8%
1976Paul Simon
70.4%
1987Paul Simon
70.4%
1994Whitney Houston
68.8%
1973Various Artists
66.6%
1979Various Artists
66.6%
1996Alanis Morissette
66.4%
1971Simon and Garfunkel
65.2%
2020Billie Eilish
61.4%
1978Fleetwood Mac
58.1%
2004OutKast
56.1%
1999Lauryn Hill
51.3%
1974Stevie Wonder
48.3%
1975Stevie Wonder
48.3%
1977Stevie Wonder
48.3%
2003Norah Jones
48.2%
2014Daft Punk
47.8%
1962Judy Garland
44.3%
1993Eric Clapton
43.8%
2000Santana
42.9%
2002Various Artists
41%
2010Taylor Swift
39.6%
1972Carole King
39.4%
Year Winner % Correct
1992Natalie Cole
38.2%
1986Phil Collins
38%
1967Frank Sinatra
37.7%
1960Frank Sinatra
37.7%
1966Frank Sinatra
37.7%
1980Billy Joel
36.5%
1991Quincy Jones
34.1%
1982John Lennon & Yoko Ono
33.5%
2015Beck
33.4%
2013Mumford & Sons
33.3%
1998Bob Dylan
31.9%
2019Kacey Musgraves
28.5%
2009Alison Krauss and Robert Plant
24.9%
2005Ray Charles
24.3%
1997Celine Dion
20.6%
1965Stan Getz & João Gilberto
20.5%
2011Arcade Fire
18%
1969Glen Campbell
17.1%
1990Bonnie Raitt
17.1%
1985Lionel Richie
16.1%
1959Henry Mancini
15.7%
2001Steely Dan
15.4%
2007Dixie Chicks
15.3%
2008Herbie Hancock
14.7%
1995Tony Bennett
13.9%
1961Bob Newhart
11.6%
1964Barbra Streisand
10%
1983Toto
10%
1981Christopher Cross
8.3%
1963Vaughn Meader
5.1%
1970Blood, Sweat & Tears
4.1%

From the Vault

Sports Logos Close-Up (Retro Edition)

by weeps

Sports 6m
We're doing it old school.
Remove Ads.
Support Sporcle.
Get the best of Sporcle when you Go Orange. This ad-free experience offers more features, more stats, and more fun while also helping to support Sporcle. Thank you for becoming a member.

Show Comments

Extras

Top Quizzes Today


Score Distribution

Your Account Isn't Verified!

In order to create a playlist on Sporcle, you need to verify the email address you used during registration. Go to your Sporcle Settings to finish the process.

Report this User

Report this user for behavior that violates our Community Guidelines.

Details: